| Tag |
First Indicator |
Second Indicator |
Subfields |
| LEADER |
00000cam a2200000 a 4500 |
| 001 |
in00000952921 |
| 005 |
20150925144522.0 |
| 007 |
hd afv|||baca |
| 008 |
850830s1692 miu a 00000 eng d |
| 035 |
|
|
|a (OCoLC)12443645
|
| 035 |
|
|
|9 AES7120AM
|
| 037 |
|
|
|a CL0037000030
|b UMI
|
| 037 |
|
|
|b University Microfilms International, 300 N. Zeeb Rd., Ann Arbor, MI 48106
|
| 040 |
|
|
|a EAA
|c EAA
|d UMI
|d EAA
|d UMI
|d m/c
|d UtOrBLW
|
| 049 |
|
|
|a TXAI
|
| 090 |
|
|
|a PR3315.A357
|b S94 1697
|
| 099 |
|
|
|a film
|a B
|a 3609
|
| 100 |
1 |
|
|a Ames, Richard,
|d -1693.
|
| 245 |
1 |
0 |
|a Sylvia's revenge, or, A satyr against man :
|b in answer to the Satyr against woman.
|
| 264 |
|
3 |
|a London :
|b Printed for Samuel Clement ...,
|c 1692.
|
| 300 |
|
|
|a 6 unnumbered pages, 19 pages
|
| 336 |
|
|
|a text
|b txt
|2 rdacontent
|
| 337 |
|
|
|a microform
|b h
|2 rdamedia
|
| 338 |
|
|
|a microfilm reel
|b hd
|2 rdacarrier
|
| 500 |
|
|
|a Reproduction of original in Huntington Library.
|
| 500 |
|
|
|a Attributed to Richard Ames. cf. NUC pre-1956.
|
| 500 |
|
|
|a In verse.
|
| 500 |
|
|
|a In answer to Robert Gould's "Love given o're, or A satyr against ... women".
|
| 510 |
4 |
|
|a Wing
|c S6336
|
| 533 |
|
|
|a Microfilm.
|b Ann Arbor, Mich. :
|c University Microfilms International,
|d 1979.
|e 1 microfilm reel ; 35 mm.
|f (Early English books, 1641-1700 ; 948:23)
|
| 500 |
|
|
|a Microform.
|
| 650 |
|
0 |
|a Men
|x Anecdotes.
|
| 740 |
0 |
|
|a Sylvia's revenge.
|
| 740 |
2 |
|
|a A satyr against man.
|
| 830 |
|
0 |
|a Early English books, 1641-1700 ;
|v 948:23.
|
| 999 |
|
|
|a MARS
|
| 999 |
f |
f |
|s c3840148-4a94-34c1-a84a-1ab7c3f55a03
|i 10655de7-76ca-3d45-9f62-a25ad2536f46
|t 0
|
| 952 |
f |
f |
|p default
|a Texas A&M University
|b College Station
|c Sterling C. Evans Library
|d Evans: Microforms (3rd floor)
|t 0
|e film B 3609 948:23
|h Other scheme
|i microform -- microfilm reel
|
| 998 |
f |
f |
|a film B 3609 948:23
|t 0
|l Evans: Microforms (3rd floor)
|